Ημερίδα για την κοινωνικοποίηση : 30 Οκτωβρίου 1986
Αποθηκεύτηκε σε:
| Συγγραφή απο Οργανισμό/Αρχή: | |
|---|---|
| Μορφή: | Βιβλίο |
| Γλώσσα: | Greek |
| Δημοσίευση: |
Αθήνα :
Υπουργείο Εθνικής Οικονομίας,
1987
|
| Θέματα: | |
| Ετικέτες: |
Προσθήκη ετικέτας
Δεν υπάρχουν, Καταχωρήστε ετικέτα πρώτοι!
|
MARC
| LEADER | 00000nam a2200000 i 4500 | ||
|---|---|---|---|
| 001 | 1/27287 | ||
| 008 | 960730s1987 gre d | ||
| 035 | |l 10022829 | ||
| 040 | |a GR-MY-UA |b gre |e aacr | ||
| 041 | 0 | |a gre | |
| 082 | 0 | |a 303.32 | |
| 110 | 2 | |a Υπουργείο Εθνικής Οικονομίας |b Γενική Γραμματεία Δημόσιων Επιχειρήσεων και Οργανισμών. | |
| 245 | 1 | 0 | |a Ημερίδα για την κοινωνικοποίηση : |b 30 Οκτωβρίου 1986 |
| 260 | |a Αθήνα : |b Υπουργείο Εθνικής Οικονομίας, |c 1987 | ||
| 300 | |a 96 σ. | ||
| 500 | |a Δημόσιες Επιχειρήσεις και Οργανισμοί | ||
| 650 | 0 | 0 | |a Socialization. |
| 852 | |a INST |b CHIOS |e 19960730 |h 303.32 ΗΜΕ |p 005200008601 |q 005200008601 |t BK |y 0 | ||
| 909 | |a Χ |b 013442 | ||